Najlepiej Sprzedające się konsole w historii - Statystyki

Ogólne statystyki
  • Ten quiz został rozwiązany 51 razy
  • Średni wynik to 10 z 15
Statystyki odpowiedzi
Ilość Sprzedanych Sztuk Konsola % Poprawnych
Ok. 155mln sztuk Sony PlayStation 2
98%
Ok. 102mln sztuk Sony PlayStation
95%
Ok. 87mln sztuk Sony PlayStation 3
95%
Ok. 113mln sztuk Sony PlayStation 4
95%
Ok. 84mln sztuk Microsoft Xbox 360
88%
Ok. 75mln sztuk Sony PlayStation 5
88%
Ok. 150mln sztuk Nintendo Switch
81%
Ok. 58mln sztuk Microsoft Xbox One
74%
Ok. 118mln sztuk Game Boy & Game Boy Color
58%
Ok, 101mln sztuk Nintendo Wii
58%
Ok. 80mln sztuk Sony PlayStation Portable
53%
Ok. 76mln sztuk Nintendo 3DS
47%
Ok. 154mln sztuk Nintendo DS
47%
Ok. 62mln sztuk Nintendo Entertainment System
37%
Ok. 81mln sztuk Nintendo Game Boy Advance
30%
Nie znaleziono quizów pasujących do podanych kryteriów
Rozkład punktacji
Procent ludzi z każdym wynikiem
Percentyl według liczby udzielonych odpowiedzi
Twoja historia wyników
Nie rozwiązałeś tego quizu